[Event "Delft Prinsenstad op-C"]
[Site "Delft"]
[Date "2009.01.03"]
[Round "3"]
[White "Van der Willik, Bert"]
[Black "Gerssen, Jeanet"]
[Result "0-1"]
[WhiteElo "1354"]
[BlackElo "1354"]
[PlyCount "64"]
[EventDate "2009.01.02"]
[EventType "swiss"]
[EventRounds "6"]
[EventCountry "NED"]
[SourceTitle "EXT 2011"]
[Source "ChessBase"]
[SourceDate "2010.11.26"]
[SourceVersion "1"]
[SourceVersionDate "2010.11.26"]
[SourceQuality "1"]

1. e4 c5 2. Nf3 d6 3. d4 cxd4 4. Nxd4 g6 5. Nc3 Bg7 6. Be3 Nf6 7. Bc4 0-0 8. Qd2 Bd7 9. 0-0-0 Nc6 10. Kb1 Rc8 11. Bb3 a6 12. f4 b5 13. f5 Kh8 14. fxg6 hxg6 15. Qf2 Ne5 16. h3 Rxc3 17. bxc3 Kg8 18. Qh4 Qc8 19. Ne2 a5 20. a3 Nc4 21. Bc1 Qc6 22. Ng3 Be6 23. Rhe1 Rb8 24. Rd3 Nxa3+ 25. Bxa3 b4 26. Bb2 a4 27. Bxe6 fxe6 28. e5 bxc3 29. exf6 Rxb2+ 30. Kc1 Bxf6 31. Qh6 Rb1+ 32. Kxb1 Qb5+ 0-1

[Event "Delft Prinsenstad op-C"]
[Site "Delft"]
[Date "2008.01.05"]
[Round "4"]
[White "Van der Willik, Bert"]
[Black "Gieben, Stijn"]
[Result "0-1"]
[WhiteElo "1432"]
[BlackElo "1621"]
[PlyCount "60"]
[EventDate "2008.01.04"]
[EventType "swiss"]
[EventRounds "6"]
[EventCountry "NED"]
[SourceTitle "EXT 2010"]
[Source "ChessBase"]
[SourceDate "2010.11.25"]
[SourceVersion "1"]
[SourceVersionDate "2010.11.25"]
[SourceQuality "1"]

1. e4 d6 2. d4 Nf6 3. Nc3 g6 4. Bd3 Bg7 5. Nf3 0-0 6. 0-0 Nc6 7. a3 Bg4 8. Be2 Nd7 9. Be3 e5 10. d5 Ne7 11. h3 Bxf3 12. Bxf3 f5 13. Qd3 fxe4 14. Qxe4 Nf6 15. Qb4 b6 16. Qb3 Kh8 17. Ne4 Nxe4 18. Bxe4 Nf5 19. Rae1 Nxe3 20. Rxe3 Bh6 21. Re2 Qd7 22. Qg3 Bf4 23. Qh4 Qg7 24. f3 h5 25. g4 Rg8 26. Rg2 Qf7 27. Kh1 b5 28. Rfg1 Qd7 29. gxh5 g5 30. Rg4 gxh4 0-1